000 00362nam a2200133 i 4500
001 bg
100 1 _aIŁOWSKI, Stanisław
245 0 _aCharakteryzacja :
_bpodręcznik dla amatorskich zespołów teatralnych /
_cStanisław Iłowski.
260 _aWarszawa,
_c1955.
040 _cBPK
041 _apol
942 _cKS
008 s pl f |000 0 pol
999 _c27228
_d27228
856 _uhttp://koha.tu.koszalin.pl/cgi-bin/koha/opac-detail.pl?biblionumber=27228
_yKatalog online BPK